Nghiên cứu quá trình sinh trưởng, phát triển và năng suất , phẩm chất của giống khoai lang Nhật trồng trong điều kiện sinh thái tại Nông Sơn, Quảng Nam
Tổng quan tài liệu. Đối tượng và phương pháp nghiên cứu.Kết quả nghiên cứu và bàn luận
Wedi'i Gadw mewn:
| Prif Awdur: | |
|---|---|
| Awduron Eraill: | |
| Fformat: | Llyfr |
| Iaith: | Vietnamese |
| Cyhoeddwyd: |
Đà Nẵng
Đại học Đà Nẵng
2011
|
| Pynciau: | |
| Tagiau: |
Ychwanegu Tag
Dim Tagiau, Byddwch y cyntaf i dagio'r cofnod hwn!
|
| Thư viện lưu trữ: | Mạng thư viện Đại học Đà Nẵng |
|---|
| LEADER | 01576nam a2200361 4500 | ||
|---|---|---|---|
| 001 | 000010631 | ||
| 003 | 6838 | ||
| 005 | 20111216081259.0 | ||
| 008 | 111216s2011 viesd | ||
| 041 | |a vie | ||
| 072 | |a Luận văn Thạc sĩ khoa học | ||
| 082 | |a 635.22 |b LÊ-T | ||
| 100 | 1 | |a Lê Thị Thí | |
| 245 | 1 | |a Nghiên cứu quá trình sinh trưởng, phát triển và năng suất , phẩm chất của giống khoai lang Nhật trồng trong điều kiện sinh thái tại Nông Sơn, Quảng Nam |c Lê Thị Thí | |
| 260 | |a Đà Nẵng |b Đại học Đà Nẵng |c 2011 | ||
| 300 | |a 88 tr |b bảng, hình |c 29 cm | ||
| 500 | |a Luận văn Thạc sĩ Khoa học. Chuyên ngành: Hóa hữu cơ. Mã số: 60.44.27 | ||
| 520 | |a Tổng quan tài liệu. Đối tượng và phương pháp nghiên cứu.Kết quả nghiên cứu và bàn luận | ||
| 653 | |a Khái quát về cây khoai lang | ||
| 653 | |a Luận văn Thạc sĩ Hóa hữu cơ | ||
| 653 | |a Chăm sóc, phân tích số liệu | ||
| 653 | |a Hóa học | ||
| 700 | 1 | |a Nguyễn Tấn Lê |c TS |e Hướng dẫn | |
| OWN | |a LSP | ||
| AVA | |a UDN50 |b LSP |d 635.22 LÊ-T |e available |t Error 5001 Not defined in file expand_doc_bib_avail. |f 1 |g 0 |h N |i 0 |k 1 | ||
| 999 | |a From the UDN01 | ||
| AVA | |a UDN50 |b LSP |d 635.22 LÊ-T |e available |t Error 5001 Not defined in file expand_doc_bib_avail. |f 1 |g 0 |h N |i 0 |k 1 | ||
| TYP | |a Monograph | ||
| TYP | |a Printed language | ||
| 980 | |a Mạng thư viện Đại học Đà Nẵng | ||